100 Disney Characters - Statistics

General Stats
  • This quiz has been taken 89 times
  • The average score is 26 of 100
Answer Stats
Answer % Correct
Cinderella
77%
Snow White
76%
Mickey Mouse
73%
Belle
69%
Aladdin
67%
Donald Duck
66%
Minnie Mouse
66%
Ariel
64%
Goofy
64%
Jasmine
60%
Pluto
59%
Beast
57%
Daisy Duck
57%
Jafar
56%
Mulan
56%
Pete
53%
Prince Charming
51%
Pinocchio
50%
Gaston
49%
Ursula
49%
Alice
46%
Peter Pan
46%
Tarzan
44%
Mowgli
41%
Baloo
40%
Chip
40%
Sebastian
39%
Queen of Hearts
37%
Tinker Bell
37%
Captain Hook
36%
Flounder
36%
Jane
36%
Mad Hatter
36%
Abu
34%
Lumiere
33%
Prince Eric
33%
White Rabbit
31%
Mushu
30%
Iago
29%
Mrs. Potts
29%
Cogsworth
27%
Wendy Darling
27%
Shere Khan
26%
King Triton
24%
Lady Tremaine
24%
Max
24%
Fairy Godmother
23%
Bagheera
21%
Kaa
21%
King Louie
21%
LeFou
21%
Maurice
21%
Scrooge McDuck
21%
John Darling
20%
Li Shang
20%
Rajah
19%
Scuttle
19%
Stitch
19%
Lucifer
17%
Michael Darling
17%
Cri-Kee
16%
Shan Yu
16%
Clarabelle Cow
14%
Ling
14%
Mr Smee
14%
Khan
13%
Magic Carpet
13%
March Hare
13%
Caterpillar
11%
Chien-Po
11%
Kala
11%
Yao
11%
Tantor
7%
Anastasia and Drizella
6%
Angel
6%
Chip and Dale
6%
Terk
6%
Huey, Dewey, and Louie
4%
Jaq and Gus
4%
Ludwig Von Drake
4%
Mortimer Mouse
4%
Colonel Hathi
3%
Horace Horsecollar
3%
Jose Carioca
3%
Max Goof
3%
Bongo Bear
1%
Captain Gantu
1%
Clara Cluck
1%
Cobra Bubbles
1%
David Kawena
1%
Grand Councilwoman
1%
Humphrey the Bear
1%
Jumba Jookiba
1%
Lilo Pelekai
1%
Nani Pelekai
1%
Oswald the Lucky Rabbit
1%
Panchito Pistoles
1%
Pleakley
1%
Reuben
1%
Willie the Giant
1%
No matching quizzes found
Score Distribution
Percent of People with Each Score
Percentile by Number Answered
Your Score History
You have not taken this quiz